000 00578nam a22002177a 4500
999 _c8929
_d8929
001 8929
003 BD-JhCC
005 20180305191230.0
008 180305s1965 p o|||| |||| 00| 0 eng d
035 _a(BD-JhCC) 8929
040 _aBD-JhCC
_dBD-JhCC
041 _aeng
082 _a540.72
_bSID 1965
100 _aSiddiqui, Anwarul Azam
245 _aIntermediate Practical Chemistry /
_bAnwarul Azam Diddiqui
260 _aPakistan :
_bPakistan Book Corporation,
_cSID 1965
300 _a185. P:
_bIll
_c18 cm
650 _aChemistry
942 _2ddc
_cBK